Đang tải...

Electric kiln construction for potters

Chi tiết về thư mục
Tác giả chính: Fournier, R
Định dạng: Printed Book
Ngôn ngữ:Undetermined
English
Được phát hành: New York Van Nostrand Reinhold Company 1977
Những chủ đề:
LEADER 00559nam a2200169Ia 4500
008 140306s9999 xx 000 0 und d
041 |a eng 
082 |a 620  |b FOO/EL 
100 |a Fournier, R 
245 |a Electric kiln construction for potters 
260 |a New York  |b Van Nostrand Reinhold Company  |c 1977 
300 |a 144 
365 |b Rs .48 .00 
650 |a Engineering 
942 |2 ddc  |c BK 
999 |c 109456  |d 109456 
952 |0 0  |1 0  |2 ddc  |4 0  |6 620_000000000000000_FOOEL  |7 0  |9 106871  |a KAUHCV  |b KAUHCV  |d 2004-03-24  |g 48.00  |o 620 FOO/EL  |p KAU_HCV-11493  |r 2014-03-22  |w 2014-03-22  |y BK